| 000 | 00439nam a2200145Ia 4500 | ||
|---|---|---|---|
| 008 | 231019s9999 xx 000 0 und d | ||
| 020 | _a978-81-317-3101-7 | ||
| 082 |
_a658.87 _bKOT-P |
||
| 100 | _aPhilip Kotler, Gray Armstrong, Prafulla Y. Agnihotri & Ehsan ul Haque | ||
| 245 | 0 | _aPrinciples of Marketing. A South asian perspective | |
| 260 |
_aIndia _bDorling Kindersley _c2010 |
||
| 300 | _a514 | ||
| 650 | _aAccounting | ||
| 999 |
_c34527 _d34527 |
||